The Stuart Era - Statistics

General Stats
  • This quiz has been taken 368 times
  • The average score is 14 of 30
Answer Stats
Hint Answer % Correct
First Stuart Monarch, 1603-25 James I & VI
97%
Second Stuart Monarch, 1625-49 Charles I
93%
Lord Protector from 1653-1658 Oliver Cromwell
85%
Third Stuart Monarch, 1660-85 Charles II
84%
Fourth Stuart Monarch, 1685-88 James II & VII
74%
Queen from 1702-1714 Anne
68%
His Catholic wife Henrietta Maria
64%
Her Dutch Husband, King from 1688-1702 William III
64%
His daughter, Queen from 1688-94 Mary II
60%
Name of the 'Revolution' in 1688 that deposed him Glorious
52%
Period from 1649-1660 Interregnum
50%
Army formed in 1645 by Parliament New Model Army
50%
Political Party appearing from Exclusion Crisis, opposed to Tories Whigs
50%
His firstborn son, died in 1612 Henry, Prince of Wales
47%
Number of children she outlived 17
46%
Period during his reign with no Parliaments Personal Rule
45%
Country formed in 1707 after union of England and Scotland Great Britain
44%
Royal House that took the throne in 1714 House of Hanover
43%
Explorer executed in 1618 Sir Walter Raleigh
43%
Parliament dissolved in 1653 Rump Parliament
37%
King's capital during the Civil Wars Oxford
35%
Battle in Ireland in 1690 between James II and William III Battle of the Boyne
29%
Battle that effectively ended King's chances of victory Battle of Naseby
28%
His nickname The Merry Monarch
26%
First major battle of the Civil Wars Battle of Edgehill
24%
Its leader during the First Civil War Sir Thomas Fairfax
23%
'Massacre' took place here, along with at Wexford Drogheda
22%
Act restricting the King passed in 1689 Bill of Rights
16%
Conflict started in 1639 that caused the recall of Parliament Bishops' Wars
14%
Britain's first written constitution Instrument of Government
14%
No matching quizzes found
Score Distribution
Percent of People with Each Score
Percentile by Number Answered
Your Score History
You have not taken this quiz